000 01238cad a22002055a 4500
001 L153208
008 110622s2011 xxk 000 0 eng d
035 _a(Sirsi) u153208
041 0 _aeng
100 1 _aEdwards, Chris
245 0 0 _aService charges in commercial property
260 _c2011
490 0 _aRICS Commercial Property Journal
_vMay-June 2011, 5-7(3)
520 _aProvides a comprehensive overview of the new RICS guidance note "Service charges in commercial property" (see L152885) published in May 2011 with effect from 1 October 2011. Sets out the aims and objectives of the revised Code and the core principles now formatted in 26 points and highlights the more important changes from the 1996 edition (see L133990). Acknowledges work by the Practical Law Company and the City of London Law Society which aims to enable Code-compliant leases to become the norm.
590 _aKA
651 4 _aEngland and Wales
_y1543-
690 _aPROPERTY-COMMERCIAL PROPERTY-LEASEHOLD COMMERCIAL PROPERTY-COMMERCIAL LANDLORD AND TENANT-COMMERCIAL SERVICE CHARGES
856 4 0 _uhttps://www.rics.org/site/scripts/documents.aspx?categoryID=316
_zRICS members can view this article free of charge at www.rics.org
942 _n0
999 _c83231
_d83231